Music Quiz

Random Music or Bands Quiz

Bands By Synonyms Quiz Stats

 Plays Quiz Updated Oct 18, 2018

Score 0/24 Timer 06:00
12 Plays Today
Synonymous Name Band Name % Correct
The CopsThe Police
96.1%
The MurderersThe Killers
94.7%
Pistols N' FlowersGuns N' Roses
94.2%
Crushing Jack-o-lanternsSmashing Pumpkins
93%
The Spiraling BouldersThe Rolling Stones
85.6%
The Thankful DeceasedThe Grateful Dead
85.4%
ShrubBush
83.1%
CyanidePoison
83.1%
Inexpensive PrankCheap Trick
81.9%
The AntidoteThe Cure
81%
Anger Opposing the ContraptionRage Against the Machine
79%
Emerald 24 HoursGreen Day
78.3%
Synonymous Name Band Name % Correct
Fresh Children on the SquareNew Kids on the Block
76.4%
Triple Canine EveningThree Dog Night
76.2%
Sightless CantaloupeBlind Melon
75.5%
The Shore MenThe Beach Boys
75%
Royalty of the Pebble EraQueens of the Stone Age
67.1%
Coital FirearmsSex Pistols
62.7%
Quintuplet for ConflictFive for Fighting
58.5%
Silent UprisingQuiet Riot
58.5%
Humble RodentModest Mouse
57.4%
Rock Church AviatorsStone Temple Pilots
54.2%
They Could Be BehemothsThey Might Be Giants
48.7%
Faulty SpiritualityBad Religion
41.1%

You're not logged in!

Compare scores with friends on all Sporcle quizzes.
OR
Log In

Sporcle TV

Today on Sporcle TV


Watch our educational content, quiz creation guides, and fun videos on Sporcle TV.

Show Comments

Extras

Top Quizzes Today


Score Distribution

Your Account Isn't Verified!

In order to create a playlist on Sporcle, you need to verify the email address you used during registration. Go to your Sporcle Settings to finish the process.

Report this User

Report this user for behavior that violates our Community Guidelines.

Details: